000 00482nam a2200169Ia 4500
003 OSt
008 170901s2017 xx 000 0 und d
020 _a9789391226568
082 _a664.02
_bP22I
100 _aPatil, R. T.
245 0 _aInnovations in Food Processing
_bPatil, R. T.
260 _aDelhi
_bSatish Serial Publishing House
_c2013
300 _aviii., 259p.
650 _aChemical and Related Technologies
650 _aTechnology (Applied sciences)
942 _2ddc
_cBK
999 _c52508
_d52508